Comunicar en televisión: manual de un presentador
সংরক্ষণ করুন:
| প্রধান লেখক: | |
|---|---|
| বিন্যাস: | গ্রন্থ |
| ভাষা: | স্প্যানিশ |
| প্রকাশিত: |
Madrid
Fragua
2012
|
| সংস্করন: | 1a. ed |
| মালা: | Comunicación, 123
|
| বিষয়গুলি: | |
| ট্যাগগুলো: |
ট্যাগ যুক্ত করুন
কোনো ট্যাগ নেই, প্রথমজন হিসাবে ট্যাগ করুন!
|
MARC
| LEADER | 00000cam a2200000 a 4500 | ||
|---|---|---|---|
| 001 | UCD6191 | ||
| 003 | CL-VaPUC | ||
| 008 | 161124e20120000sp |||||||||||||||||spa|d | ||
| 020 | |a 9788470745256 | ||
| 082 | 0 | 4 | |a 302.23 |b LOP |2 21 |
| 100 | |a López, Elisabeth |e autora |9 589904 | ||
| 245 | 1 | 0 | |a Comunicar en televisión: manual de un presentador |
| 250 | |a 1a. ed | ||
| 300 | |a 220 p | ||
| 942 | |c BK | ||
| 945 | |d 20161124 22:47:00 |a dcastane | ||
| 260 | |a Madrid |b Fragua |c 2012 | ||
| 650 | 0 | |a Medios de comunicación |9 257206 | |
| 650 | 0 | |a Comunicación audiovisual |9 268089 | |
| 650 | 0 | |a Programas de televisión |9 335092 | |
| 583 | |a last modification |c 20161124 22:47:00 |k Rodrigo Vera | ||
| 490 | 0 | |a Comunicación, 123 | |
| 999 | |c 366556 |d 366554 | ||
| 952 | |0 0 |1 0 |3 erb |4 0 |6 302_230000000000000_LOP_2012 |7 0 |8 A |9 480843 |a BIBCUR |b BIBCUR |i 5350123 |o 302.23 LOP 2012 |p 5350123 |r 2025-04-22 |w 2019-11-24 |y BK |z Catalogado en:20161124 |k PER | ||
| 952 | |0 0 |1 0 |3 erb |4 0 |6 302_230000000000000_LOP_2012 |7 0 |8 A |9 480844 |a BIBCUR |b BIBCUR |i 5436109 |l 1 |o 302.23 LOP 2012 |p 5436109 |r 2025-04-22 |s 2023-08-14 |w 2019-11-24 |y BK |z Catalogado en:20171117 |k PER | ||